Problematika squeeze out na Slovensku
Stanovenie hodnoty akcií pre účely squeeze out na základe východísk príslušnej legislatívy s použitím vhodných metód. Pojem a základné východiská pri squeeze out.
Enregistré dans:
| Auteur principal: | |
|---|---|
| Autres auteurs: | , |
| Format: | Chapitre de livre |
| Langue: | slovaque |
| Sujets: | |
| Tags: |
Pas de tags, Soyez le premier à ajouter un tag!
|
MARC
| LEADER | 00000naa$a2200000$$$4500 | ||
|---|---|---|---|
| 001 | 0092015 | ||
| 005 | 20240502083233.9 | ||
| 041 | 0 | |a slo | |
| 044 | |a CZ | ||
| 245 | 1 | 0 | |a Problematika squeeze out na Slovensku |c Anna Harumová, Eva Kolláriková, Tomáš Korauš |
| 520 | |a Stanovenie hodnoty akcií pre účely squeeze out na základe východísk príslušnej legislatívy s použitím vhodných metód. Pojem a základné východiská pri squeeze out. | ||
| 610 | 2 | 0 | |a Slovensko |
| 610 | 2 | 0 | |a hodnota |
| 610 | 2 | 0 | |a majetok |
| 610 | 2 | 0 | |a výkup |
| 610 | 2 | 0 | |a akcionári |
| 100 | 1 | |a Harumová, Anna, 1955- | |
| 700 | 1 | |a Kolláriková, Eva | |
| 700 | 1 | |a Korauš, Tomáš | |